|
|
|
|
| LEADER |
00000nab a2200000 a 4500 |
| 001 |
vtls000868059 |
| 003 |
SK-MaSNL |
| 005 |
20260304213606.0 |
| 008 |
140328c2003 xo 0 slo |
| 015 |
|
|
|a SNBRB2004/04-10481
|
| 035 |
|
|
|a CLN000219611
|
| 040 |
|
|
|a SNKBUCL
|b slo
|c SNKBUCL
|e AACR2
|
| 041 |
0 |
|
|a slo
|
| 044 |
|
|
|a xo
|c SK
|
| 080 |
|
|
|a 692.4:061.3/.4
|2 1997
|
| 100 |
1 |
|
|a Lalíková, Darina
|4 ain
|9 8716
|
| 245 |
1 |
0 |
|a STRECHY 2003
|b 10. ročník medzinárodného sympózia a 8. ročník medzinárodnej kontraktačno-prezentačnej výstavy
|c D. Lalíková
|
| 611 |
1 |
7 |
|a Strechy
|n 10.
|d 2003
|c Bratislava, Slovensko
|2 snkbucl
|9 1546693
|
| 655 |
|
7 |
|a články z novín a časopisov
|2 snkbucl
|9 267496
|
| 700 |
1 |
|
|a Oláh, Jozef,
|d 1946-
|4 aut
|9 93080
|
| 773 |
0 |
|
|t Eurostav
|g Roč. 9, č. 7 (2003), s. 63
|x 1335-1249
|
| 850 |
|
|
|a Slovenská národná knižnica v Martine
|
| 852 |
|
|
|a SNK
|b KIS3GCP
|
| 992 |
|
|
|a RBX
|
| 999 |
|
|
|c 3136643
|d 3138573
|